| 000 | 00614nam a22001937a 4500 | ||
|---|---|---|---|
| 999 |
_c169868 _d169868 |
||
| 005 | 20191206121651.0 | ||
| 010 | _aA-353742 | ||
| 020 |
_c150.00 _a- |
||
| 035 | _aA-353742 | ||
| 037 | _bBPPD | ||
| 082 | _a230.22 | ||
| 100 | _aا گر و ا ل د ھو نی | ||
| 245 |
_aشر ی شو مہا پر ا ن _cا گر و ا ل د ھو نی |
||
| 246 |
_aShri Shiv Maha Puran _bby Aggarwal Dhoni |
||
| 260 |
_aDelhi _c1987 ء _bDihati Pustak Bhandar |
||
| 270 |
_aChawri BazarChowk,Barshah Bola, _bDelhi _k261030 _e110006 |
||
| 300 |
_a752 ص _c22 cm(hb) |
||
| 942 |
_2ddc _cUR _h230.22 _mا گ ر |
||